| 000 | 00425nam a2200181Ia 4500 | ||
|---|---|---|---|
| 001 | 7623 | ||
| 005 | 20260306160509.0 | ||
| 008 | 260306t2011||||xx |||||||||||||| ||spa|| | ||
| 041 | _aESP | ||
| 082 |
_a352.34 _bD212 Nº 15 |
||
| 100 |
_aDador Tozzini, Jennie _eAUT |
||
| 245 | 0 | _aViolencia de género | |
| 260 | _c2011 | ||
| 300 |
_a000 páginas : _c00 cm. |
||
| 650 | _aGEN | ||
| 654 | _aCAN | ||
| 942 |
_cLIB _dJUS _fJUS _2ddc _n |
||
| 999 |
_c7623 _d7623 |
||